[Event "52nd World Juniors 2013"]
[Site "Kocaeli TUR"]
[Date "2013.09.17"]
[Round "5.31"]
[White "Arvola,B"]
[Black "Bornheim,C"]
[Result "1-0"]
[WhiteElo "2354"]
[BlackElo "1973"]

1.d4 Nf6 2.Bg5 Ne4 3.Bf4 d5 4.f3 Nf6 5.c4 c6 6.e3 Bf5 7.Qb3 Qb6 8.Nc3 e6
9.c5 Qxb3 10.axb3 Nbd7 11.b4 a6 12.g4 Bg6 13.b5 cxb5 14.Nxb5 Rc8 15.Nd6+ Bxd6
16.Bxd6 Nb8 17.b4 Nxg4 18.fxg4 Be4 19.Nf3 Bxf3 20.Rg1 Be4 21.b5 Kd7 22.Kd2 Rhd8
23.Kc3 Ke8 24.Kb4 Rd7 25.Ka5 Kd8 26.Kb6 f6 27.Be2 axb5 28.Bxb5 Nc6 29.Ra3 Rxd6
30.cxd6 Kd7 31.Ra7 Kxd6 32.Rxb7 e5 33.Rc1 Na7 34.Rc5 exd4  1-0

[Event "52nd World Juniors 2013"]
[Site "Kocaeli TUR"]
[Date "2013.09.17"]
[Round "5.43"]
[White "Yurtseven,M"]
[Black "Baglan,E"]
[Result "1/2-1/2"]
[WhiteElo "2262"]
[BlackElo "2024"]

1.d4 Nf6 2.Bg5 Ne4 3.h4 c5 4.d5 Qb6 5.Nd2 Nxd2 6.Bxd2 e5 7.c4 d6 8.Qc2 Be7
9.e4 Nd7 10.g4 Nf6 11.f3 Bd7 12.Ne2 O-O-O 13.Ng3 Rdg8 14.Be2 h5 15.g5 Ne8
16.O-O-O g6 17.Rhg1 f6 18.Nh1 Qd8 19.Nf2 fxg5 20.hxg5 Ng7 21.Kb1 h4 22.Qc1 Nh5
23.Nd3 h3 24.f4 exf4 25.Bxh5 Rxh5 26.Bxf4 Rh4 27.Qd2 Rgh8 28.Qh2 Bg4 29.Rdf1 Qd7
30.Ka1 Re8 31.e5 Bf5 32.e6 Qc7 33.Rf3 Rf8 34.Nf2 Qb6 35.Rb3 Qa6 36.Ra3 Qb6
37.Rb3 Qa6 38.Ra3 Qb6 39.Rb3  1/2-1/2

[Event "31st World Junior Girls"]
[Site "Kocaeli TUR"]
[Date "2013.09.17"]
[Round "5.11"]
[White "Martinez,Ay"]
[Black "Pavlidou,E"]
[Result "1-0"]
[WhiteElo "2101"]
[BlackElo "2216"]

1.d4 Nf6 2.Bg5 Ne4 3.Bf4 c5 4.f3 Qa5+ 5.c3 Nf6 6.d5 Qb6 7.Bc1 d6 8.e4 g6
9.Nd2 Bg7 10.Nc4 Qd8 11.a4 O-O 12.Ne2 Ne8 13.Bf4 Nd7 14.Qd2 Ne5 15.Ng3 b6
16.h4 h5 17.Bh6 Rb8 18.Rb1 Bd7 19.Nxe5 dxe5 20.Bxg7 Nxg7 21.Qg5 e6 22.dxe6 Nxe6
23.Qxe5 Re8 24.Bc4 Bxa4 25.Rh3 b5 26.Bd5 Nc7 27.Bxf7+ Kxf7 28.Qf4+ Ke6 29.Nxh5 gxh5
30.Rg3 Kd7 31.b3 Bxb3 32.Rxb3 Rb6 33.Qf5+ Rbe6 34.c4 Qxh4 35.f4 bxc4 36.Ra3 Kc6
37.e5 Qh1+ 38.Ke2 Qc1 39.Rxa7 Qb2+ 40.Kf1 Qc1+ 41.Kf2 Rd8 42.Qe4+ Kb5 43.Rga3 Rd2+
44.Kg3 Rg6+ 45.Qxg6 Qe1+ 46.Kh2 Qh4+ 47.Rh3 Qxf4+ 48.Qg3 Qxg3+ 49.Rxg3 Ne6
50.Rg6 c3 51.Ra1 Nf4 52.Rg3 Kc4 53.Ra4+ Kb3 54.Rxf4 Rd4 55.Rff3  1-0

[Event "e2e4 Bedford Open 2013"]
[Site "Bedford ENG"]
[Date "2013.09.21"]
[Round "3"]
[White "Walton,A"]
[Black "Davison,Chris"]
[Result "1/2-1/2"]
[WhiteElo "2138"]
[BlackElo "1927"]

1.d4 Nf6 2.Bg5 Ne4 3.Bf4 c5 4.f3 Qa5+ 5.c3 Nf6 6.Nd2 cxd4 7.Nb3 Qf5 8.Bxb8 Rxb8
9.Qxd4 b6 10.e4 Qg5 11.Nh3 Qh4+ 12.Nf2 e6 13.g3 Qh5 14.Be2 Bc5 15.Qd2 Bxf2+
16.Kxf2 O-O 17.h4 Bb7 18.Qg5 h6 19.Qxh5 Nxh5 20.Rhd1 d5 21.e5 g6 22.Nd4 Ng7
23.g4 f6 24.exf6 Rxf6 25.Nc2 Rbf8 26.Ne3 d4 27.Rxd4 Bxf3 28.Bxf3 Rxf3+ 29.Ke2 Rf2+
30.Kd3 Rxb2 31.a4 Rh2 32.a5 b5 33.Rb1 a6 34.Rd6 Ra8 35.h5 gxh5 36.gxh5 Nxh5
37.Rg1+ Kf8 38.Rd7 Nf6 39.Rf1 Ke8 40.Rd4 Nd7 41.Ng4 Rh3+ 42.Ke4 Ke7 43.Rxd7+ Kxd7
44.Ne5+ Kd6 45.Rd1+ Ke7 46.Rd7+ Kf6 47.Rf7+ Kg5 48.Rg7+ Kh5 49.Ng6 Rxc3 50.Nf4+ Kh4
51.Ng2+ Kh3 52.Nf4+ Kh2 53.Rh7 Rc4+ 54.Ke3 Ra4 55.Rxh6+ Kg3 56.Rg6+ Kh4 57.Kf3 Ra3+
58.Ke4 Rxa5 59.Ng2+ Kh3 60.Nf4+ Kh2 61.Rh6+ Kg1 62.Rg6+ Kf1 63.Nxe6 Re8 64.Kd3 Rxe6
65.Rxe6 Ra3+ 66.Kd2 a5 67.Rf6+ Kg2 68.Kc2 b4 69.Kb2 Kg3 70.Rf5 Kg4 71.Rf8 Rf3
72.Ra8 Rf5 73.Kb3 Kf4 74.Rh8 Ke5 75.Rd8 Ke6 76.Rd3 Rd5 77.Rh3 Kd6 78.Ka4 Rc5
79.Rh6+ Kd5 80.Rh4 Kc6 81.Rh6+ Kb7 82.Rh7+ Kb6 83.Rh6+ Kc7 84.Rg6 Rh5 85.Rf6 Rh8
86.Kxa5 Rb8 87.Ka4 b3 88.Rf1 Kc6 89.Ka3 b2  1/2-1/2

[Event "e2e4 Bedford Open 2013"]
[Site "Bedford ENG"]
[Date "2013.09.22"]
[Round "5"]
[White "Walton,A"]
[Black "Sisoev,Robert"]
[Result "0-1"]
[WhiteElo "2138"]
[BlackElo "1791"]

1.d4 Nf6 2.Bg5 Ne4 3.Bf4 d5 4.f3 Nf6 5.e4 dxe4 6.Nc3 e3 7.Bxe3 g6 8.Bd3 Bg7
9.Nge2 Nc6 10.a3 O-O 11.Qd2 Re8 12.O-O-O e5 13.Bb5 Bd7 14.d5 Ne7 15.Bxd7 Qxd7
16.d6 cxd6 17.Qxd6 Qxd6 18.Rxd6 Nf5 19.Rd3 Nxe3 20.Rxe3 Bh6 21.f4 exf4 22.Rf3 Re3
23.Rhf1 Rxf3 24.gxf3 Rd8 25.Rg1 Kf8 26.Nd1 Nd5 27.Nf2 f5 28.Nd3 Ke7 29.h4 Ne3
30.Kb1 Nc4 31.Kc1 Rd5 32.Nc3 Rd8 33.Re1+ Kf6 34.Nb5 a6 35.Nc3 Ne3 36.Nc5 Bf8
37.Nxb7 Rc8 38.Kd2 Nc4+ 39.Kd3 Ne5+ 40.Ke2 Rb8 41.Nd5+ Kf7 42.Kf2 Rxb7 43.Rxe5 Rxb2
44.Re2 Bxa3 45.Nxf4 a5 46.Nd3 Rb7 47.Re5 Ra7 48.Rb5 a4 49.Ne5+ Ke6 50.Nc6 Ra6
51.Na5 Be7 52.Kg3 a3  0-1

[Event "TCh-BEL 2013-14"]
[Site "Belgium BEL"]
[Date "2013.09.22"]
[Round "1.1"]
[White "Berelowitsch,A"]
[Black "Rooze,J"]
[Result "1-0"]
[WhiteElo "2543"]
[BlackElo "2355"]

1.d4 Nf6 2.Bg5 Ne4 3.Bf4 d5 4.e3 c5 5.c3 Nc6 6.Bd3 Nf6 7.Nd2 e6 8.Ngf3 Bd6
9.dxc5 Bxf4 10.exf4 Nd7 11.Nb3 a5 12.a4 Qe7 13.O-O Nxc5 14.Nxc5 Qxc5 15.Re1 h6
16.Ne5 O-O 17.Re3 Nxe5 18.fxe5 f6 19.Qh5 fxe5 20.Qxe5 Bd7 21.Rd1 Rf6 22.Bc2 Raf8
23.f3 Qb6 24.b3 Rc8 25.Rd4 Qc5 26.h3 Qa3 27.Kh2 Qc1 28.Re2 Bc6 29.Rg4 Rcf8
30.Qd4 Qa3 31.Qd3 Qd6+ 32.Kh1 Rf5 33.c4 R8f6 34.Qd2 Re5 35.Qd3 Rff5 36.Rxe5 Qxe5
37.Qd2 Rg5 38.Rd4 dxc4 39.bxc4 Qg3 40.Rd8+ Kf7 41.Rd4 Re5 42.Rf4+ Ke7 43.Be4 Bxe4
44.Rg4 Qxg4 45.hxg4 Bc6 46.Kh2 Rg5 47.Kg3 Bxa4 48.f4 Rg6 49.Qxa5 Bc6 50.g5 hxg5
51.fxg5 e5 52.Qxe5+ Kd7 53.Kf4 Bxg2 54.Kf5 Rd6 55.Qxg7+ Kc6 56.Ke5 Rd7 57.Qf6+ Kc7
58.g6  1-0

[Event "39th National ch-BAN"]
[Site "Dhaka BAN"]
[Date "2013.09.22"]
[Round "2.6"]
[White "Rahman,Zia"]
[Black "Mohammad,J"]
[Result "1-0"]
[WhiteElo "2477"]
[BlackElo "2197"]

1.d4 Nf6 2.Bg5 Ne4 3.Bf4 d5 4.e3 e6 5.Bd3 Nf6 6.Nf3 Bd6 7.Bg3 O-O 8.Nbd2 c5
9.c3 Nc6 10.Ne5 h6 11.f4 cxd4 12.exd4 Ne7 13.O-O Nf5 14.Bf2 Be7 15.Qf3 g6
16.g4 Nd6 17.Be3 Kg7 18.Rf2 Bd7 19.Rg2 Be8 20.Rf1 Nfe4 21.f5 Nxd2 22.Bxd2 g5
23.h4 f6 24.hxg5 hxg5 25.Rh2 Rh8 26.Rxh8 Kxh8 27.Qh3+ Kg7 28.Bxg5 Ne4 29.Bxe4 dxe4
30.Qh6+ Kg8 31.Ng6 fxg5 32.Qh8+  1-0

[Event "Caissa IM September 2013"]
[Site "Kecskemet HUN"]
[Date "2013.09.22"]
[Round "2.1"]
[White "Bird,A"]
[Black "Sean,W"]
[Result "1/2-1/2"]
[WhiteElo "2203"]
[BlackElo "2338"]

1.d4 Nf6 2.Bg5 Ne4 3.Bf4 d5 4.e3 c5 5.Bd3 Nc6 6.Bxe4 dxe4 7.d5 Nb4 8.Nc3 e6
9.d6 f5 10.Qd2 Bd7 11.f3 Qf6 12.a3 Nd5 13.Nxd5 exd5 14.Qxd5 Qxb2 15.Qe5+ Qxe5
16.Bxe5 O-O-O 17.O-O-O Re8 18.f4 Rg8 19.Ne2 g5 20.g3 Bc6 21.Nc3 gxf4 22.Bxf4 Rg6
23.Rd2 b6 24.Rhd1 Kd7 25.Nd5 Bxd5 26.Rxd5 Rf6 27.Be5 Rf7 28.Bf4 Bg7 29.Kb1 c4
30.Ka2 Bc3 31.Rc1 Kc8 32.Rcd1 Kd7 33.Rc1 Ke6 34.Rcd1 Rd7 35.h3 Rg8 36.Rb5 h5
37.h4 Rb8 38.Rdb1 Rdb7 39.Rd1 a6 40.Rbd5 Rd7 41.Kb1 Rc8 42.Ka2 Rc6 43.Kb1 Rc5
44.Rxc5 bxc5 45.Ka2 Rb7 46.Rb1 Rxb1 47.Kxb1 Bf6 48.Ka2 Bg7 49.Kb1 a5 50.a4 c3
51.Ka2 c4 52.Ka3 Bf8 53.Ka2 Bxd6 54.Bxd6 Kxd6 55.Kb1 Kc5 56.Kc1 Kb4 57.Kb1 Kxa4
58.Ka1 Kb5 59.Ka2 Kb4 60.Ka1 Kc5 61.Ka2 Kd5 62.Ka3 Ke5 63.Ka4 f4 64.gxf4+ Kf5
65.Kxa5 Kg4 66.Kb4 Kxh4 67.Kxc3 Kg4 68.Kd2 c3+ 69.Ke2 Kh4 70.Kf2 Kg4 71.Kg2 Kh4
72.Kh2  1/2-1/2

[Event "52nd World Juniors 2013"]
[Site "Kocaeli TUR"]
[Date "2013.09.22"]
[Round "9.55"]
[White "Kilic,Efe Mert"]
[Black "Topac,Ahmet Eren"]
[Result "0-1"]
[WhiteElo "1843"]
[BlackElo "1800"]

1.d4 Nf6 2.Bg5 Ne4 3.Bh4 c5 4.f3 g5 5.fxe4 gxh4 6.c3 cxd4 7.cxd4 d5 8.e5 Bf5
9.e3 e6 10.Nc3 Nc6 11.Nf3 Bh6 12.Qd2 a6 13.Rc1 Bg4 14.Be2 Rg8 15.O-O Bh3
16.Rf2 Bg4 17.Na4 Qa5 18.Nc3 Qd8 19.Rff1 Bh3 20.Rf2 Bg4 21.Rcf1 Qe7 22.Kh1 O-O-O
23.Rc1 Kb8 24.Na4 Qb4 25.Nc3 Bxf3 26.Rxf3 Nxd4 27.Rxf7 Nf5 28.a3 Qa5 29.Qc2 Bxe3
30.Qb3 b5 31.Re1 Rg6  0-1

[Event "Lichtenrader Herbst 2013"]
[Site "Berlin GER"]
[Date "2013.09.28"]
[Round "1.17"]
[White "Gnass,A"]
[Black "Stigar,P"]
[Result "0-1"]
[WhiteElo "1766"]
[BlackElo "2239"]

1.d4 Nf6 2.Bg5 Ne4 3.h4 d5 4.Nd2 Bf5 5.Nxe4 Bxe4 6.e3 h6 7.Bf4 e6 8.f3 Bh7
9.Bd3 Bxd3 10.Qxd3 c5 11.dxc5 Nd7 12.b4 a5 13.c3 axb4 14.cxb4 Qf6 15.Qb1 g5
16.hxg5 hxg5 17.Rxh8 Qxh8 18.a4 gxf4 19.exf4 Bg7 20.Ra2 Qh1 21.Kd2 Bd4  0-1

[Event "Grand Open Blagoevgrad 2013"]
[Site "Blagoevgrad BUL"]
[Date "2013.09.29"]
[Round "3.2"]
[White "Sedlak,N"]
[Black "Cvetkovic,Sr"]
[Result "1/2-1/2"]
[WhiteElo "2581"]
[BlackElo "2360"]

1.d4 Nf6 2.Bg5 Ne4 3.Bf4 d5 4.e3 e6 5.Bd3 Bd6 6.Bxe4 Bxf4 7.exf4 dxe4 8.Nc3 Nc6
9.Nge2 f5 10.Qd2 b6 11.O-O-O Ne7 12.d5 exd5 13.Nxd5 Be6 14.Nxe7 Qxd2+ 15.Rxd2 Kxe7
16.Nd4 Bd7 17.Rhd1 Rhd8 18.b4 g6 19.Kb2 Be8 20.h3 c5 21.bxc5 bxc5 22.Nb3 Rxd2
23.Rxd2 Rc8 24.Kc3 Bf7 25.a3 Rc6 26.Rd1 Bxb3 27.Kxb3 Rd6 28.Rxd6 Kxd6 29.c4 Ke6  1/2-1/2

[Event "Grand Open Blagoevgrad 2013"]
[Site "Blagoevgrad BUL"]
[Date "2013.10.01"]
[Round "5.14"]
[White "Ivanov,Bor BUL"]
[Black "Angelov,Z"]
[Result "1-0"]
[WhiteElo "2324"]
[BlackElo "2108"]

1.d4 Nf6 2.Bg5 Ne4 3.Bf4 d5 4.e3 e6 5.Bd3 Bd6 6.Ne2 Bxf4 7.Nxf4 Nf6 8.O-O Nc6
9.c4 dxc4 10.Bxc4 e5 11.Ne2 exd4 12.Nxd4 Ne5 13.Be2 O-O 14.Qc2 Qe7 15.Rc1 c6
16.h3 Bd7 17.Nd2 b6 18.b4 Qxb4 19.N2f3 Nxf3+ 20.Bxf3 Rac8 21.Bxc6 Bxc6 22.Nxc6 Qd6
23.Qa4 a6 24.Rc3 Nd5 25.Rc2 b5 26.Qxa6 Nb4 27.Ne7+ Qxe7 28.Qxc8 Nxc2 29.Qxc2 g6
30.Rb1 Qe5 31.Qd3 Ra8 32.Rxb5 Qa1+ 33.Kh2 Qxa2 34.Qe4 Qa1 35.Rb7 Rd8 36.Qe7 Rf8
37.e4 Qa2 38.f3 h5 39.Rd7 Qf2 40.Qf6 h4 41.Qf4 Qe1 42.e5 Kg7 43.Re7 Kg8 44.Qg5 Qb1
45.e6 Qb8+ 46.f4 Qb3 47.exf7+ Kg7 48.Qe5+ Kh7 49.Qf6 Qg3+ 50.Kh1 Kh6 51.Re5 Kh7
52.Rg5 Qe1+ 53.Kh2  1-0

[Event "Grand Open Blagoevgrad 2013"]
[Site "Blagoevgrad BUL"]
[Date "2013.10.02"]
[Round "7.16"]
[White "Angelov,Z"]
[Black "Vujacic,Bo"]
[Result "0-1"]
[WhiteElo "2108"]
[BlackElo "2294"]

1.d4 Nf6 2.Bg5 Ne4 3.Bf4 c5 4.f3 Nf6 5.d5 Qb6 6.Bc1 e6 7.c4 d6 8.e4 g6 9.Nc3 Bg7
10.Bd3 exd5 11.exd5 O-O 12.Nge2 Nbd7 13.b3 a6 14.O-O Ne5 15.Bc2 Re8 16.Bg5 Qc7
17.a4 b6 18.Qd2 Nh5 19.Rae1 f5 20.Nf4 Nxf4 21.Bxf4 Bd7 22.Bd3 Qd8 23.Bg5 Bf6
24.Bxf6 Qxf6 25.f4 Ng4 26.Be2 Ne3 27.Rf3 Qd4 28.Qxd4 cxd4 29.Bd1 Nxc4 30.Rxe8+ Rxe8
31.Rd3 Nb2 32.Rxd4 Re3 33.Rd2 Nxd1 34.Nxd1 Rxb3 35.Nb2 Rb4 36.Rc2 Kf8 37.Nc4 Bxa4
38.Rc1 Bb3 39.Nxd6 Bxd5 40.Rc7 a5 41.Rxh7 Rb2 42.Ra7 Rxg2+ 43.Kf1 Rxh2 44.Nc8 Rb2
45.Ne7 Bc4+ 46.Kg1 Bf7 47.Nc6 Bd5 48.Ne5 Ke8 49.Kf1 Be4 50.Nxg6 Kd8 51.Ne5 Kc8
52.Nd7 Bb7 53.Nxb6+ Rxb6 54.Rxa5 Be4 55.Ke2 Rb3 56.Ra7 Rf3 57.Rg7 Rxf4 58.Ke3 Rf3+
59.Kd4 Rd3+ 60.Ke5 Rd7 61.Rg8+ Kc7 62.Rg6 Re7+ 63.Kf4 Kd7 64.Ra6 Re6 65.Ra2 Kd6
66.Rd2+ Ke7 67.Rh2 Rf6 68.Ke5 Re6+ 69.Kf4 Kf6 70.Rh6+ Kf7 71.Rh7+ Kg6 72.Ra7 Bd5
73.Ra5 Re4+ 74.Kg3 Rd4 75.Ra7 f4+  0-1

[Event "Chigorin Memorial"]
[Site "St Petersburg RUS"]
[Date "2013.10.05"]
[Round "1.52"]
[White "Smirnov,Arte"]
[Black "Selivanov,Ivan"]
[Result "1-0"]
[WhiteElo "2434"]
[BlackElo "2005"]

1.d4 Nf6 2.Bg5 Ne4 3.Bf4 c5 4.f3 Qa5+ 5.c3 Nf6 6.d5 e6 7.e4 Qb6 8.Na3 exd5
9.exd5 d6 10.Qe2+ Kd8 11.O-O-O Be7 12.g4 a6 13.Qc2 Qc7 14.Ne2 b5 15.Ng3 g6
16.g5 Ne8 17.h4 Nd7 18.h5 c4 19.Ne4 Nc5 20.Nxc5 Qxc5 21.Qd2 Bf5 22.hxg6 fxg6
23.Be3 Qc7 24.Bd4 Rf8 25.Rxh7 Rb8 26.Re1 b4 27.cxb4 c3 28.Bxc3 a5 29.b5 Rb7
30.Rexe7 Qxe7 31.Rxe7 Rxe7 32.Bxa5+ Kc8 33.Qc3+ Kb8 34.Qc6 Bc8 35.Nc4 Rxf3
36.Bg2 Bb7 37.Qb6 Rff7 38.Qd8+ Bc8 39.Bh3  1-0

[Event "Indonesia Open 2013"]
[Site "Jakarta INA"]
[Date "2013.10.10"]
[Round "1.30"]
[White "Hoang Thanh Trang"]
[Black "Sonjaya,D"]
[Result "1-0"]
[WhiteElo "2495"]
[BlackElo "2265"]

1.d4 Nf6 2.Bg5 Ne4 3.Bf4 d5 4.e3 Nd7 5.Bd3 Ndf6 6.f3 Nd6 7.Nc3 c6 8.Nge2 e6
9.e4 Nc4 10.Bc1 b5 11.O-O a6 12.Kh1 Be7 13.Ng3 O-O 14.b3 Na5 15.Nce2 c5 16.e5 c4
17.exf6 Bxf6 18.Ba3 cxd3 19.Qxd3 Re8 20.c3 g6 21.f4 Nc6 22.Bc5 Qc7 23.Rfe1 Bb7
24.Nf1 Bg7 25.Ne3 Rad8 26.b4 f6 27.Rad1 e5 28.f5 e4 29.Qc2 Bc8 30.Qb3 Bxf5
31.Nxf5 gxf5 32.Rf1 Ne7 33.Bxe7 Rxe7 34.Rxf5 Qc4 35.Qxc4 dxc4 36.a4 bxa4
37.Ra1 Rd6 38.Rxa4 Bh6 39.g4 Bd2 40.Kg2 Rg7 41.h3 Rg5 42.Raa5 Kf7 43.Rac5 Kg6
44.Rxg5+ fxg5 45.Rxc4 e3 46.Kf3 h5 47.gxh5+ Kxh5 48.Ng3+ Kg6 49.Ne4 Re6 50.d5 Re5
51.d6 Rd5 52.Rc5  1-0

[Event "Indonesia Open 2013"]
[Site "Jakarta INA"]
[Date "2013.10.10"]
[Round "1.18"]
[White "Shyam,SM"]
[Black "Bersamina,Paulo"]
[Result "1-0"]
[WhiteElo "2536"]
[BlackElo "2310"]

1.d4 Nf6 2.Bg5 Ne4 3.Bf4 Nc6 4.e3 d6 5.Nf3 f5 6.Nbd2 Nf6 7.Bc4 e6 8.Qe2 Qe7
9.Bg5 e5 10.dxe5 dxe5 11.O-O Bd7 12.e4 f4 13.Bd5 O-O-O 14.Nc4 h6 15.Bxf6 gxf6
16.Rfd1 Nb4 17.Nh4 Nxd5 18.Rxd5 Qe8 19.Rad1 Be7 20.Nf5 Rg8 21.Nxh6 Qg6 22.Nxg8 Rxg8
23.g3 fxg3 24.fxg3 Bg4 25.Qe3 b6 26.R1d2 Be6 27.Qf3 Bg4 28.Qd3 Be6 29.Na5 Bxd5
30.Qxd5 Bd6 31.Qb7+ Kd7 32.Nc4 Ke8 33.Nxd6+ cxd6 34.Rxd6 Qg5 35.Re6+ Kd8
36.Qb8+  1-0

[Event "Indonesia Open 2013"]
[Site "Jakarta INA"]
[Date "2013.10.12"]
[Round "4.42"]
[White "Le Tuan Minh"]
[Black "Azarya,J"]
[Result "1/2-1/2"]
[WhiteElo "2327"]
[BlackElo "2126"]

1.d4 Nf6 2.Bg5 Ne4 3.Bf4 c5 4.f3 Qa5+ 5.c3 Nf6 6.d5 Qb6 7.Bc1 e6 8.e4 exd5
9.exd5 Bd6 10.Bc4 O-O 11.Ne2 Re8 12.O-O Qc7 13.g3 b5 14.Bxb5 c4 15.Kh1 Bb7
16.Bf4 Bxd5 17.Bxd6 Qxd6 18.Nf4 Qc5 19.Na3 Nc6 20.Bxc6 Bxc6 21.Nc2 Ng4 22.Qd2 Ne3
23.Rf2 Ng4 24.Rff1 Ne3 25.Rf2 Ng4 26.Rff1 Ne3 27.Rf2 Ng4  1/2-1/2

[Event "Indonesia Open 2013"]
[Site "Jakarta INA"]
[Date "2013.10.13"]
[Round "5.42"]
[White "Tran Tuan Minh"]
[Black "Dewi,A"]
[Result "0-1"]
[WhiteElo "2344"]
[BlackElo "2133"]

1.d4 Nf6 2.Bg5 Ne4 3.Bf4 c5 4.f3 Qa5+ 5.c3 Nf6 6.d5 e6 7.e4 exd5 8.exd5 d6
9.Qe2+ Be7 10.Bxd6 Nxd5 11.Nd2 O-O 12.Nc4 Qa4 13.Bxe7 Nxe7 14.Kf2 Be6 15.Nh3 b5
16.b3 Qa6 17.Nd2 Rd8 18.Ng5 Qb6 19.Nxe6 fxe6 20.Ne4 a6 21.g3 Nbc6 22.Bh3 c4+
23.Kg2 Nf5 24.Rhe1 Ne5 25.Ng5 Rd5 26.f4 Rad8 27.Kh1 h6 28.Bxf5 exf5 29.fxe5 hxg5
30.Qf3 g6 31.bxc4 Rd3 32.Qg2 bxc4 33.e6 Re8 34.Rab1 Rxe6 35.Rf1 Qc6 36.Qxc6 Rxc6
37.Rfe1 Kg7 38.Rbc1 Rd2 39.a4 g4 40.Red1 Ra2 41.Ra1 Rxa1 42.Rxa1 Rb6 43.Rd1 Rb3
44.Rd7+ Kf6 45.Rd6+ Ke5 46.Rxg6 Ke4 47.Kg2 Rxc3 48.Re6+ Kd3 49.Rd6+ Ke2 50.Rxa6 Rd3
51.Ra5 c3 52.Rxf5 Rd2 53.Re5+ Kd3+ 54.Kf1 c2 55.Rd5+ Kc3 56.Rc5+ Kb4 57.Rc8 Rd1+  0-1

[Event "3rd Central Asia Cup"]
[Site "Dushanbe TJK"]
[Date "2013.10.15"]
[Round "4.13"]
[White "Ilhomzoda,I"]
[Black "Karimov,Alisher"]
[Result "0-1"]
[WhiteElo "2212"]
[BlackElo "2057"]

1.d4 Nf6 2.Bg5 Ne4 3.Bh4 c5 4.f3 g5 5.fxe4 gxh4 6.e3 Bh6 7.d5 Qb6 8.Nd2 Qxb2
9.Rb1 Qg7 10.Nc4 b5 11.Rxb5 Ba6 12.Rb3 Bxc4 13.Bxc4 Qxg2 14.Qf3 Qxc2 15.Ne2 Qxc4
16.O-O Qa6 17.Qxf7+ Kd8 18.Nf4 Qd6 19.e5 Qxe5 20.d6 Bxf4 21.Rxf4 Qxd6 22.Rb7 Qg6+  0-1

[Event "Indonesia Open 2013"]
[Site "Jakarta INA"]
[Date "2013.10.16"]
[Round "10.15"]
[White "Hoang Thanh Trang"]
[Black "Grigoryan,Av"]
[Result "1/2-1/2"]
[WhiteElo "2495"]
[BlackElo "2577"]

1.d4 Nf6 2.Bg5 Ne4 3.Bf4 c5 4.f3 Qa5+ 5.c3 Nf6 6.Nd2 cxd4 7.Nb3 Qf5 8.Bxb8 Rxb8
9.Qxd4 b6 10.e4 Qf4 11.Nh3 Qc7 12.e5 Ng8 13.Ng5 f6 14.exf6 gxf6 15.Ne4 Qe5
16.O-O-O Qxd4 17.Nxd4 a6 18.Bc4 e6 19.Bb3 f5 20.Ng3 Ne7 21.Rhe1 Bh6+ 22.Kb1 O-O
23.Nge2 Kh8 24.Nc2 Ng6 25.Nc1 Nh4 26.Re2 Ng6 27.Nd3 Bg7 28.Ne3 b5 29.Nc2 Rf7
30.Nd4 f4 31.Nc5 Bf8 32.Ne4 Nh4 33.Bc2 h6 34.g3 fxg3  1/2-1/2

[Event "35th Arco Open 2013"]
[Site "Arco ITA"]
[Date "2013.10.17"]
[Round "6.17"]
[White "Vezzosi,P"]
[Black "Giuriato,S"]
[Result "1-0"]
[WhiteElo "2267"]
[BlackElo "1973"]

1.d4 Nf6 2.Bg5 Ne4 3.Bf4 c5 4.f3 Qa5+ 5.c3 Nf6 6.d5 Qb6 7.Bc1 e5 8.e4 d6
9.a4 Be7 10.Bb5+ Nbd7 11.Ne2 O-O 12.Ng3 g6 13.O-O Ne8 14.Bh6 Ng7 15.Rf2 Qd8
16.Qd2 Bh4 17.Bd3 Kh8 18.Na3 Nf6 19.Rff1 Ng8 20.Be3 f5 21.exf5 gxf5 22.f4 e4
23.Be2 Bxg3 24.hxg3 Nf6 25.Kf2 Ng4+ 26.Bxg4 fxg4 27.Rh1 Bf5 28.Nc4 Kg8 29.Qe2 b6
30.Rh6 Rf6 31.Rah1 Qe7 32.Bd2 Raf8 33.Ne3 Rxh6 34.Rxh6 Qd7 35.c4 Bg6 36.b3 Nf5
37.Qxg4 Qg7 38.Rh1 Nxe3 39.Bxe3 Qb2+ 40.Qe2 Qxb3 41.g4 Qxa4 42.f5 b5 43.cxb5 Qb3
44.Bh6 Bf7 45.Bxf8 Kxf8 46.Rxh7 Qxd5 47.Qe3 Qe5 48.Qh6+ Kg8 49.f6 Qd4+ 50.Kg3 Qc3+
51.Kh2 Qe5+ 52.Kh3 Qc3+ 53.g3  1-0

[Event "17th Unive Open 2013"]
[Site "Hoogeveen NED"]
[Date "2013.10.19"]
[Round "2.37"]
[White "Algera,S"]
[Black "Den Hartog,Marijn"]
[Result "1-0"]
[WhiteElo "2108"]
[BlackElo "1998"]

1.d4 Nf6 2.Bg5 Ne4 3.Bh4 c5 4.f3 Qa5+ 5.c3 Nf6 6.dxc5 Qxc5 7.e4 Qb6 8.Qb3 Qe3+
9.Ne2 e6 10.Na3 Bc5 11.Nc4 Qh6 12.Bg3 O-O 13.Bf4 g5 14.Bd2 d5 15.Ne5 dxe4
16.O-O-O e3 17.Be1 Nbd7 18.Nxd7 Bxd7 19.h4 Bc6 20.Rh3 g4 21.fxg4 Nxg4 22.Qc4 Nf2
23.Qxc5 Nxd1 24.Qe5 f5 25.Rg3+ Kf7 26.Kxd1 Rad8+ 27.Kc1 Rd3 28.Nf4 e2 29.Rg7+ Ke8
30.Bxe2 Rd5 31.Bh5+ Qxh5 32.Qxe6+ Kd8 33.Qe7+  1-0

[Event "TCh-CZE Vychod 2013-14"]
[Site "Czech Rep CZE"]
[Date "2013.10.20"]
[Round "1.2"]
[White "Roubalik,J"]
[Black "Stachowiak,K"]
[Result "1/2-1/2"]
[WhiteElo "2329"]
[BlackElo "2451"]

1.d4 Nf6 2.Bg5 Ne4 3.Bf4 d5 4.f3 Nf6 5.e4 e6 6.e5 Nfd7 7.Be3 c5 8.c3 Nc6
9.f4 Qb6 10.Qd2 f5 11.Nf3 Be7 12.Be2 O-O 13.O-O a6 14.Kh1 Qd8 15.Rg1 cxd4
16.cxd4 Nb6 17.b3 Bd7 18.Nc3 Be8 19.Ng5 Qd7 20.Nd1 Rc8 21.a3 a5 22.Nb2 a4
23.Nxa4 Nxa4 24.bxa4 Ra8 25.Bb5 Bxg5 26.fxg5 Qc7 27.Bxc6 Bxc6 28.a5 Qd8 29.Qf2 Rxa5
30.Bd2 Ra8 31.Bb4 Rf7 32.Qf4 Rc7 33.Bd6 Rcc8 34.Rab1 Qe8 35.h3 Qh5 36.Rb3 Qe8
37.Rgb1 Ra4 38.Rg3 Bb5 39.Rgb3 Bc6 40.Bb4 Bb5 41.Bd6  1/2-1/2

[Event "TCh-CZE Zapad 2013-14"]
[Site "Czech Rep CZE"]
[Date "2013.10.20"]
[Round "1.3"]
[White "Dolezal,Ra1"]
[Black "Sodoma,J"]
[Result "1-0"]
[WhiteElo "2353"]
[BlackElo "2344"]

1.d4 Nf6 2.Bg5 Ne4 3.Bf4 c5 4.f3 Qa5+ 5.c3 Nf6 6.d5 Qb6 7.Bc1 g6 8.e4 d6
9.a4 Bg7 10.Na3 O-O 11.Ne2 Ne8 12.Nc4 Qc7 13.a5 Nd7 14.Ng3 Rb8 15.Be2 b5
16.axb6 axb6 17.Na3 h5 18.Nb5 Qd8 19.O-O Ne5 20.f4 Ng4 21.f5 Nef6 22.Bg5 Bd7
23.Qb3 Ne5 24.Ra7 Ra8 25.Qa2 c4 26.Nd4 b5 27.Ra1 Rb8 28.h3 Kh7 29.Qa6 Rb6
30.Qa5 b4 31.cxb4 Nd3 32.Bxd3 cxd3 33.Nf3 Bb5 34.Be3 Rb8 35.Qxd8 Rbxd8 36.Rxe7 Nd7
37.Ng5+ Kg8 38.fxg6 fxg6 39.Rxg7+ Kxg7 40.Ne6+ Kg8 41.Nxd8 Rxd8 42.Nf1 Re8
43.Ra5 d2 44.Nxd2 Bd3 45.Bf4 Bxe4 46.Nxe4 Rxe4 47.Bxd6  1-0

[Event "Guernsey Open 2013"]
[Site "Guernsey GCI"]
[Date "2013.10.20"]
[Round "1"]
[White "Wager,John D"]
[Black "Magnussen,P"]
[Result "0-1"]
[WhiteElo "2105"]
[BlackElo "1926"]

1.d4 Nf6 2.Bg5 Ne4 3.Bf4 d5 4.f3 Nf6 5.Nd2 Nc6 6.c3 Nh5 7.Bg5 h6 8.Bh4 g5
9.Bf2 Bg7 10.e4 e6 11.g3 dxe4 12.fxe4 Nf6 13.e5 Nd5 14.Bg2 Qe7 15.Ne2 f6
16.exf6 Nxf6 17.Qc2 Qf7 18.Nc4 Ng4 19.O-O O-O 20.Be1 Qxf1+ 21.Bxf1 Na5 22.Nxa5 Ne3
23.Bf2 Nxc2 24.Rc1 e5 25.Rxc2 Bf5 26.Rd2 b6 27.Nc6 Rae8 28.dxe5 Bxe5 29.Nxe5 Rxe5
30.Nd4 Bg4 31.Bc4+ Kh7 32.Nc6 Ree8 33.Nxa7 Bh3 34.Nc6 h5 35.a4 Kh6 36.Bf1 Re1  0-1

[Event "17th Unive Open 2013"]
[Site "Hoogeveen NED"]
[Date "2013.10.20"]
[Round "3.31"]
[White "Sadallah,O"]
[Black "Cebula,Jerzy"]
[Result "1/2-1/2"]
[WhiteElo "2114"]
[BlackElo "2001"]

1.d4 Nf6 2.Bg5 Ne4 3.Bf4 c5 4.f3 Qa5+ 5.c3 Nf6 6.Nd2 cxd4 7.Nb3 Qb6 8.Qxd4 Nc6
9.Qxb6 axb6 10.e4 d5 11.Bg5 dxe4 12.Bxf6 gxf6 13.fxe4 Be6 14.Nd4 Rxa2 15.Rxa2 Bxa2
16.Ngf3 e5 17.Nb5 Kd8 18.b4 Rg8 19.Kf2 Kc8 20.Nd2 Kb8 21.Bc4 Bh6 22.Bxa2 Bxd2
23.Rd1 Rd8 24.Bd5 Bg5 25.Ke2 Na7 26.Nxa7 Kxa7 27.g3 b5 28.Rf1 Rd6 29.h4 Bh6
30.Kd3 Bg7 31.Kc2 Rd7 32.g4 Kb6 33.Rf5 h6 34.Rf1 Rc7 35.h5 Rd7 36.Ra1 Rd8
37.Kb3 Rf8 38.Kc2 Bh8 39.Kb2 Bg7 40.Bb3 Rd8 41.Bd5 Rf8 42.Kc2 Rd8 43.Bxf7 Rf8
44.Be6 Re8 45.Bd7 Rd8 46.Rd1 Kc7 47.Bxb5 Rxd1 48.Kxd1 Kb6 49.Be8 Bf8 50.Kc2 Ka6
51.Kb3 b5 52.c4 bxc4+ 53.Kxc4 Kb6 54.b5 Ba3 55.Kd5 Bc1 56.Ke6 Bg5  1/2-1/2

[Event "29th ECC Open 2013"]
[Site "Rhodes GRE"]
[Date "2013.10.20"]
[Round "1.1"]
[White "Palliser,R"]
[Black "Zhigalko,A"]
[Result "1/2-1/2"]
[WhiteElo "2455"]
[BlackElo "2615"]

1.d4 Nf6 2.Bg5 Ne4 3.Bf4 c5 4.f3 Qa5+ 5.c3 Nf6 6.d5 e6 7.e4 exd5 8.exd5 d6
9.Qd2 Be7 10.c4 Qxd2+ 11.Kxd2 Nh5 12.Be3 f5 13.Nh3 O-O 14.g3 Na6 15.Nc3 Bd7
16.Re1 Rfe8 17.Rg1 Nc7 18.g4 Bh4 19.Re2 fxg4 20.fxg4 Nf6 21.Bf2 Bxf2 22.Nxf2 Rxe2+
23.Bxe2 Rf8 24.Nfe4 Nce8 25.a3 b6 26.h3 h6 27.h4 Kf7 28.Nxf6 Kxf6 29.Rf1+ Ke7
30.Rxf8 Kxf8 31.Ke3 a6 32.Kf4 Nc7 33.Ne4 Ke7 34.g5 b5 35.Ng3 hxg5+ 36.Kxg5 bxc4
37.Bxc4 a5 38.Nf5+ Bxf5 39.Kxf5 Na8 40.a4 Nb6 41.b3 Nd7 42.Be2 Ne5 43.h5 Kf7
44.Kg5 Nd7 45.Kf5 Nf6 46.Bf3 Ng8 47.Kg5 Ne7 48.Be2 Nc8 49.Kf5 Nb6 50.Bb5 Ke7
51.Bc4 Nd7 52.Be2 Kf7 53.Kg5 Ne5 54.Kf5 Ke7 55.Kg5 Kf8 56.Kf5 Kf7 57.Kg5 Ke7
58.Kf5 Kd7 59.Bb5+ Ke7  1/2-1/2

[Event "17th Unive Open 2013"]
[Site "Hoogeveen NED"]
[Date "2013.10.21"]
[Round "4.11"]
[White "Van Wessel,R"]
[Black "Dijkhuis,Tycho"]
[Result "1-0"]
[WhiteElo "2388"]
[BlackElo "2219"]

1.d4 Nf6 2.Bg5 Ne4 3.Bh4 c5 4.f3 g5 5.fxe4 gxh4 6.e3 Bh6 7.Kf2 Qb6 8.Nc3 O-O
9.Nd5 Qd6 10.Bc4 Nc6 11.Nf3 Kh8 12.e5 Qg6 13.Nxh4 Qg5 14.Nf3 Qg7 15.Bb5 d6
16.Bxc6 bxc6 17.Nxe7 dxe5 18.Nxc8 Raxc8 19.dxe5 f6 20.Qe2 fxe5 21.e4 Qg4
22.Rhe1 Rf4 23.Kg1 Rg8 24.Kh1 Rxe4 25.Qf1 Rf8 26.Qd3 Rxe1+ 27.Rxe1 Bg7 28.Re4 Qe6
29.b3 Qd5 30.Qe2 Rd8 31.g3 Qd1+ 32.Kg2 Qxe2+ 33.Rxe2 c4 34.Re4 cxb3 35.axb3 Kg8
36.Rc4 Rd6 37.Kf2 Rd1 38.Ke3 Rd6 39.Ke4 Re6 40.Ra4 Re7 41.Ra6 Rc7 42.Ng5 Bh6
43.Ne6 Rd7 44.h4 Rd2 45.Rxc6 Re2+ 46.Kf3 Re1 47.Kf2 Rc1 48.g4 Bd2 49.Ke2 Bf4
50.Rc7 a5 51.g5 Rg1 52.h5 Bc1 53.c4 Rg2+ 54.Kf3 Rc2 55.g6  1-0